000 00401nam a2200145Ia 4500
008 100122s9999 xx 000 0 und d
082 _b31652
_a328.454
100 _aसाठे ताराबाई
245 _aसंसद
260 _bआर्यसंस्कृति प्रकाशन
_c1981
300 _a245
630 _aसंसद
730 _aसंसद
942 _cBOOK
999 _c416181
_d416178